عرض عادي
عرض مارك
- United Nations.
مدخل إسم هيئة
001 - رقم الضبط
- حقل الضبط: 44863
003 - معرف رقم الضبط
- حقل الضبط: OSt
005 - تاريخ ووقت أخر عملية
- حقل الضبط: 20140513103119.0
008 - عناصر بيانات ثابتة الطول
- حقل تحكم ثابت الطول: 140513|||a|||||| | ||| d
040 ## - مصدر الفهرسة
- هيئة الفهرسة الأصلية: OSt
- وكالة الكتابة: OSt
110 ## - مدخل -- أسم شخص
- اسم الهيئه او اسم السلطه كعنصر مدخل: United Nations.
670 ## - بيانات المصدر موجوده
- الاستشهاد بالمصدر: Work cat.: (OSt): World economic situation and prospects 2013., 2013.
